Arcok és maszkok játéka fiatal kritikusok és prózaírók a márciusi Kalligramban

Bibliographic Details
Main Author: Polgár, Anikó, 1975- (Author)
Format: Article
Language:Hungarian
Slovak
Subjects:

MARC

LEADER 00000nab a2200000 a 4500
001 vtls000720125
003 SK-MaSNL
005 20260318124816.0
008 160314c2000 xo 0 hun
015 |a SNBRB2000/04-11156 
035 |a CLN000072292 
040 |a SNKBUCL  |b slo  |c SNKBUCL  |e AACR2 
041 0 |a slo 
044 |a xo  |c SK 
080 |a 82:05(437.6=945.11)  |2 UDC-MRF-SK2 
080 |a 05(437.6=945.11):82  |2 UDC-MRF-SK2 
100 1 |a Polgár, Anikó,  |d 1975-  |4 aut  |9 101775 
245 1 0 |a Arcok és maszkok játéka  |b fiatal kritikusok és prózaírók a márciusi Kalligramban  |c Polgár Anikó 
300 |b Fotogr. 
630 0 7 |a Kalligram (časopis)  |y 2000  |2 snkbucl  |9 18082 
773 0 |t Új szó  |g Roč. 53, č. 71 (25.3.2000), s. 14 
850 |a Slovenská národná knižnica v Martine 
852 |a SNK  |b KIS3GCP 
958 |a HU 
958 |a SK 
958 |a LX 
958 |a RBX 
999 |c 2249113  |d 2251043